| 000 | 00597nam a2200241 a 4500 | ||
|---|---|---|---|
| 001 | nice12345678 | ||
| 003 | IN_TiNIC | ||
| 005 | 20260116012715.0 | ||
| 008 | 050524s1987 lona grp 000 0 eng | ||
| 020 |
_a _c180 |
||
| 082 | 0 | 0 |
_a297.122521 _bALIA |
| 100 | _aAli, Ahmed | ||
| 245 |
_aAl-Qur`an _b Contemporary Translations. |
||
| 260 |
_aLondan _bOxford University Press _c1987 |
||
| 300 | _a572p | ||
| 500 | _aincludes index and biblioraphy | ||
| 505 | 2 | _aindex | |
| 650 | _aQuran-Translation-English | ||
| 700 | 1 | _aAli, Ahmed | |
| 902 | _bSRS | ||
| 942 | _cBK | ||
| 999 |
_c8035 _d8035 |
||